LEADER 01015nam a2200265 i 4500 001 000000188770 003 CaOOAMICUS 005 20100421000000.0 008 100421s1992 it u000 u ita u 013 $a167004 020 $a88-11-59834-6 040 $aSeMil$bita 100 1 $aGroys, Boris.$0(OLS)http://semarc/name/69138 245 13$aLo stalinismo, ovvero, l'opera d'arte totale /$cBoris Groys. 260 $a[Milano] :$bGarzanti,$c1992. 300 $a151 p., [24] p. di tav. ;$c21 cm. 490 0 $aSaggi blu 650 4$aArte sovietica.$0(OLS)http://semarc/subject/35528 830 0$aSaggi blu.$0(OLS)http://semarc/title/7183 850 $aSeMil 852 $aSeMil$W1$xVenegono$y1$m5R I 126$j139407$B139407$CSeMilBibl$Z2$F151641 $81 961 $aOmaggio: Altro 996 $6020$a88-11-59834-6$9(OLS)http://semarc/number/179410 996 $6245$aLo stalinismo, ovvero, l'opera d'arte totale$9(OLS)http://semarc/title/271724 996 $6260$a[Milano] :$bGarzanti$9(OLS)http://semarc/publisher/31829 LEADER 01205nam a2200277 i 4500 001 000000119144 003 CaOOAMICUS 005 20031124000000.0 008 031124s2003 it u000 u ita u 013 $a91837 020 $a88-7357-314-2 040 $aSeMil$bita 100 1 $aTellechea Idígoras, José Ignacio <1929-2008>.$0(OLS)http://semarc/name/29056 240 10$aIgnacio de Loyola : la aventura de un cristiano.$0(OLS)http://semarc/title/175086 245 10$aIgnazio di Loyola :$bl'avventura di un cristiano /$cJosé Ignacio Tellechea Idígoras. 260 $aRoma :$bAdP,$c2003. 300 $a79 p. ;$c21 cm. 490 0 $aCompagni di strada ;$v1 600 04$aIgnazio : di Loyola .$0(OLS)http://semarc/subject/467 830 0$aCompagni di strada ;$v1.$0(OLS)http://semarc/title/13967 850 $aSeMil 852 $aSeMil$W1$xVenegono$y1$m191 7 1 *$j74386$B74386$CSeMilBibl$Z2$F77244 $81 961 $aAcquisto: Ŕncora (Libreria) 996 $6020$a88-7357-314-2$9(OLS)http://semarc/number/103944 996 $6245$aIgnazio di Loyola :$bl'avventura di un cristiano$9(OLS)http://semarc/title/175085 996 $6260$aRoma :$bAdP$9(OLS)http://semarc/publisher/32136